All Jhené Aiko Songs - Statistics

General Stats
  • This quiz has been taken 229 times
  • The average score is 31 of 112
Answer Stats
Album Song % Correct
Trip Sativa
71%
Sail Out The Worst
69%
Chilombo P*$$Y Fairy (OTW)
63%
Trip While We're Young
62%
Chilombo B.S.
61%
Sail Out Stay Ready (What a Life)
61%
Sail Out Bed Peace
59%
Chilombo Triggered (Freestyle)
56%
Sailing Soul(s) Stranger
54%
Chilombo None of Your Concern
51%
Chilombo Happiness Over Everything (H.O.E.)
49%
Souled Out Promises
48%
Souled Out W.A.Y.S.
48%
Souled Out Eternal Sunshine
47%
Souled Out Blue Dream
44%
Sailing Soul(s) Hoe
43%
Chilombo Lotus (Intro)
43%
Chilombo | Twenty88 On the Way
43%
Souled Out Spotless Mind
43%
Trip Trip
42%
Trip Never Call Me
39%
Trip Sing to Me
39%
Sail Out 3:16AM
38%
Sail Out Comfort Inn Ending (Freestyle)
38%
Sailing Soul(s) My Mine
37%
Chilombo Tryna Smoke
36%
Chilombo Born Tired
35%
Trip Moments
35%
Chilombo Summer 2020
35%
Chilombo Summer 2020 (Interlude)
35%
Trip Jukai
34%
Chilombo Love
34%
Trip New Balance
34%
Trip New Balance (Freestyle)
34%
Sail Out The Vapors
34%
Chilombo 10k Hours
33%
Trip LSD
33%
Trip OLLA (Only Lovers Left Alive)
33%
Souled Out Wading
32%
Chilombo Magic Hour
31%
Souled Out The Pressure
31%
Souled Out Lyin King
30%
Trip Overstimulated
30%
Chilombo Pray for You
30%
Chilombo Speak
30%
Trip When We Love
30%
Trip Ascension
29%
Trip Psilocybin (Love in Full Effect)
29%
Souled Out Remember
29%
Sailing Soul(s) You vs Them
29%
Chilombo Above and Beyond
28%
Chilombo One Way St.
28%
Trip Frequency
27%
Souled Out It's Cool
27%
Trip Nobody
26%
Trip Oblivion (Creation)
26%
Souled Out Pretty Bird (Freestyle)
26%
Sailing Soul(s) Sailing NOT Selling
26%
Chilombo Surrender
26%
Sail Out WTH
26%
Trip You Are Here
26%
Sailing Soul(s) Do Better Blues
25%
Souled Out Limbo Limbo Limbo
25%
Chilombo Mourning Doves
25%
Sailing Soul(s) Higher
24%
Chilombo Lightning & Thunder
24%
Chilombo Party for Me (Outro)
24%
Trip Picture Perfect (Freestyle)
24%
Sailing Soul(s) Popular
24%
Souled Out To Love & Die
24%
Chilombo Define Me (Interlude)
23%
Sailing Soul(s) Space Jam
23%
Sailing Soul(s) Real Now
22%
Sailing Soul(s) The Beginning
22%
Souled Out Brave
21%
Twenty88 Déjà Vu
21%
Twenty88 London Bridge
21%
Trip Mystic Journey (Freestyle)
21%
Chilombo Come On
20%
Chilombo Down Again
19%
Chilombo All Good
18%
My Name Is Jhené No L.O.V.E.
16%
Twenty88 Selfish
16%
Twenty88 Talk Show
16%
Twenty88 2 Minute Warning
14%
Sailing Soul(s) July
14%
Single #2 Maniac
14%
My Name Is Jhené My Name Is Jhené (Intro)
13%
Twenty88 Push It
13%
Twenty88 Memories Faded
12%
Trip Bad Trip (Interlude)
11%
Trip Hello Ego
11%
My Name Is Jhené Sorry
11%
Single #3 First F**k
9%
My Name Is Jhené He Couldn't Kiss
9%
My Name Is Jhené Boy
8%
My Name Is Jhené Don't Walk Away
8%
My Name Is Jhené Down 4 U
8%
My Name Is Jhené Gonna Love You Anyway
8%
My Name Is Jhené You Don't Know Me
8%
My Name Is Jhené Won't Play the Game
7%
My Name Is Jhené Expiration Date
6%
Sailing Soul(s) Growing Apart Too
6%
My Name Is Jhené Make Believe
6%
My Name Is Jhené Promise Ring
6%
My Name Is Jhené Rowdy
6%
My Name Is Jhené Wanna Be
6%
Souled Out Beautiful Ruin
5%
Single Sorry to Interrupt
5%
Trip Clear My Mind
2%
My Name Is Jhené Stuck Like That
1%
No matching quizzes found
Score Distribution
Percent of People with Each Score
Percentile by Number Answered
Your Score History
You have not taken this quiz